Managing measurement risk (Record no. 115737)
[ view plain ]
| 000 -LEADER | |
|---|---|
| fixed length control field | 01948cam a22003135a 4500 |
| 001 - CONTROL NUMBER | |
| control field | L159198 |
| 008 - FIXED-LENGTH DATA ELEMENTS--GENERAL INFORMATION | |
| fixed length control field | 130926s2016 xxk f 000 0 eng d |
| 020 ## - INTERNATIONAL STANDARD BOOK NUMBER | |
| International Standard Book Number | 9781118561522 |
| 035 ## - SYSTEM CONTROL NUMBER | |
| System control number | (Sirsi) u159198 |
| 041 0# - LANGUAGE CODE | |
| Language code of text/sound track or separate title | eng |
| 050 04 - LIBRARY OF CONGRESS CALL NUMBER | |
| Classification number | 692.3 |
| 110 2# - MAIN ENTRY--CORPORATE NAME | |
| Corporate name or jurisdiction name as entry element | Williams, Peter |
| 245 00 - TITLE STATEMENT | |
| Title | Managing measurement risk |
| Remainder of title | in building and civil engineering |
| 260 ## - PUBLICATION, DISTRIBUTION, ETC. | |
| Place of publication, distribution, etc. | Oxford |
| Name of publisher, distributor, etc. | John Wiley & Sons |
| Date of publication, distribution, etc. | 2016 |
| 350 ## - PRICE (NR) (BK AM CF MU VM SE) [OBSOLETE] | |
| Price | £49.95 |
| 505 2# - FORMATTED CONTENTS NOTE | |
| Formatted contents note | The role and purpose of measurement -- Measurement and design -- Measurement conventions -- Approaches to measurement -- New Rules of Measurement: NRM1 -- New Rules of Measurement: NRM2 -- Civil Engineering Standard Method of Measurement -- Method of Measurement for Highway Works -- Principles of Measurement (International) -- Contract control strategies -- Measurement claims -- Final accounts -- Measurement case studies -- New Rules of Measurement: NRM1 -- New Rules of Measurement: NRM2 -- Civil Engineering Standard Method of Measurement -- Method of Measurement for Highway Works -- Principles of Measurement (International) -- Builders' quantities |
| 520 ## - SUMMARY, ETC. | |
| Summary, etc. | Offers clear guidance on how to recognise and avoid measurement risk. The book recognises the interrelationship of measurement with complex contractual issues; emphasises the role of measurement in the entirety of the contracting process; and helps to widen the accessibility of measurement beyond the province of the professional quantity surveyor. |
| 521 ## - TARGET AUDIENCE NOTE | |
| Target audience note | Advanced |
| 590 ## - LOCAL NOTE (RLIN) | |
| Local note | KA |
| 650 24 - SUBJECT ADDED ENTRY--TOPICAL TERM | |
| Topical term or geographic name entry element | NEW RULES OF MEASUREMENT 1 |
| 650 24 - SUBJECT ADDED ENTRY--TOPICAL TERM | |
| Topical term or geographic name entry element | NEW RULES OF MEASUREMENT 2 |
| 650 24 - SUBJECT ADDED ENTRY--TOPICAL TERM | |
| Topical term or geographic name entry element | CIVIL ENGINEERING STANDARD METHOD OF MEASUREMENT (FOURTH EDITION) |
| 650 24 - SUBJECT ADDED ENTRY--TOPICAL TERM | |
| Topical term or geographic name entry element | BUILT ENVIRONMENT-QUANTITY SURVEYING-METHOD OF MEASUREMENT FOR HIGHWAY WORKS |
| 650 24 - SUBJECT ADDED ENTRY--TOPICAL TERM | |
| Topical term or geographic name entry element | POMI |
| 650 24 - SUBJECT ADDED ENTRY--TOPICAL TERM | |
| Topical term or geographic name entry element | BUILT ENVIRONMENT-QUANTITY SURVEYING-CONSTRUCTION COST ESTIMATING |
| 651 #4 - SUBJECT ADDED ENTRY--GEOGRAPHIC NAME | |
| Geographic name | ENGLAND AND WALES |
| 690 ## - LOCAL SUBJECT ADDED ENTRY--TOPICAL TERM (OCLC, RLIN) | |
| Topical term or geographic name as entry element | Measurement |
| 9 (RLIN) | 6256 |
| 942 ## - ADDED ENTRY ELEMENTS (KOHA) | |
| Suppress in OPAC | 0 |
| Withdrawn status | Lost status | Source of classification or shelving scheme | Damaged status | Not for loan | Home library | Current library | Shelving location | Date acquired | Total Checkouts | Full call number | Barcode | Date last seen | Copy number | Price effective from | Koha item type |
|---|---|---|---|---|---|---|---|---|---|---|---|---|---|---|---|
| Dewey Decimal Classification | London | London | Books | 16/03/2016 | 692.3 WIL | 30078863 | 06/08/2019 | 1 | 06/08/2019 | Book |